Defensas /

Guardado en:
Autor Principal: Barnard, Christiaan
Formato: Deslizar
Series:El Cuerpo Viviente
Materias:
Etiquetas: Agregar Etiqueta
Sin Etiquetas, Sea el primero en etiquetar este registro!
LEADER 01017ngm a22002895g 4500
001 CEM.cems021455
008 130507b1992##################0###0#####d
005 20240823171406.0
245 1 0 |a Defensas /  |c Christiaan Barnard. 
300 |a 23 
490 0 |a El Cuerpo Viviente 
500 |a En soporte VHS, consultar en ventanilla. 
505 0 |a Ataques de los virus. Medios del cuerpo para la inmunidad. Desplazamiento de los virus. El resfrío. Contacto con la sangre. Mensajes químicos y anticuerpos. Proceso de generación de anticuerpos. 
538 |a Soporte: VHS - Norma: Pal N - Color - Intercambio Drd 1992 - Hitachi=3190 
100 1 |a Barnard, Christiaan 
082 6 1 |/ BAR-1 
653 |a INMUNIDAD 
653 |a FISIOLOGIA HUMANA 
653 |a ENFERMEDADES 
653 |a VIRUS 
653 |a ANTICUERPOS 
653 |a ANATOMIA 
653 |a BIOLOGIA 
653 |a SANGRE 
653 |a DEFENSAS 
653 |a NIVEL SECUNDARIO 
859 |a CEMS  |b BIB. CEMS - Depto. Recursos Didacticos  |h 611  |i BAR-1  |k DRD  |p 98.12  |t Ej.1